| 000 | 00660nam a2200229Ia 4500 | ||
|---|---|---|---|
| 999 |
_c54282 _d54282 |
||
| 001 | 21338 | ||
| 003 | GE_BSU | ||
| 005 | 20221111163238.0 | ||
| 008 | 181216s2015||||enk|||||||||||||| ||eng|| | ||
| 020 | _a9780143127710x | ||
| 041 | _aeng | ||
| 080 | _a327.2 K-43 | ||
| 100 |
_aKissinger, Henry _99851 |
||
| 245 |
_aWorld Order / _cHenry Kissinger. |
||
| 264 |
_aNew York : _bPenguin Books, _c2015. |
||
| 300 |
_a420 p. _b22 cm. |
||
| 541 | _h44 Gel. | ||
| 653 | _aპოლიტიკა | ||
| 653 | _aმსოფლიო წესრიგი | ||
| 653 | _aსაერთაშორისო ურთიერთობები | ||
| 942 |
_cBK _2udc |
||